000 00525nam a22001937a 4500
003 CEME
005 20210628203055.0
008 210218b xxu||||| |||| 00| 0 eng d
020 _a0-19-860572-2
040 _c.
082 _a423 CON
100 _aPearsall, Judy
_963172
245 _aThe concise oxford english dictionary
250 _a10TH
260 _aNEW YORK
_bOXFORD UNIVERSITY PRESS
_c2002
300 _aXX,1705P
650 _aDICTIONARY-ENGLISH LANGUAGE,ENGLISH LANGUAGE DICTIONARY
_963173
942 _cBK
_2ddc
999 _c572078
_d572078